[Event "2ème Open International de Haute-Bretagn"]
[Site "RENNES - FRANCE"]
[Date "2009.07.19"]
[Round "7.46"]
[White "Louchouarn, Renan"]
[Black "Guyader, Ronan"]
[Result "1/2-1/2"]
[WhiteElo "1380"]
[BlackElo "1330"]
[PlyCount "45"]
[EventDate "2009.??.??"]

1. e4 e6 2. d4 d5 3. e5 c5 4. c3 Bd7 5. Nf3 Qb6 6. Be2 cxd4 7. cxd4 Bb5 8. O-O
Bxe2 9. Qxe2 Ne7 10. Nc3 a6 11. b3 Nd7 12. Nd1 Nc6 13. Be3 Be7 14. Qd3 O-O 15.
Nc3 Rfc8 16. Rfc1 Nb4 17. Qd2 Rc6 18. Bg5 Bxg5 19. Nxg5 a5 20. a3 Na6 21. Rab1
Rac8 22. Qf4 f6 23. exf6 1/2-1/2

[Event "2ème Open International de Haute-Bretagn"]
[Site "RENNES - FRANCE"]
[Date "2009.07.19"]
[Round "7.49"]
[White "Ruhlmann, Anne"]
[Black "Thomas, Jeannine"]
[Result "0-1"]
[WhiteElo "1499"]
[BlackElo "1310"]
[PlyCount "63"]
[EventDate "2009.??.??"]

1. e4 c5 2. Nf3 Nc6 3. c3 d6 4. d4 cxd4 5. cxd4 Bg4 6. Nc3 Bxf3 7. gxf3 g6 8.
d5 Ne5 9. Bb5+ Nd7 10. Qa4 Ngf6 11. Bg5 a6 12. Bxf6 exf6 13. Bxd7+ Qxd7 14.
Qxd7+ Kxd7 15. Ke2 Re8 16. a4 Bg7 17. Rab1 f5 18. Kd3 f4 19. b4 Bxc3 20. Kxc3
Rc8+ 21. Kd4 Rc2 22. Rbc1 Rxf2 23. e5 dxe5+ 24. Kxe5 Rxf3 25. d6 Re8+ 26. Kd5
Rd3+ 27. Kc5 Rxd6 28. b5 Rc8+ 29. Kb4 Rxc1 30. Rxc1 axb5 31. Rc5 bxa4 32. Rc4
0-1

[Event "2ème Open International de Haute-Bretagn"]
[Site "RENNES - FRANCE"]
[Date "2009.07.19"]
[Round "7.50"]
[White "Payoux, Auriane"]
[Black "Sin, Rany"]
[Result "1-0"]
[WhiteElo "1460"]
[BlackElo "1499"]
[PlyCount "49"]
[EventDate "2009.??.??"]

1. e4 e5 2. Nc3 Nc6 3. Bc4 b6 4. Nf3 h6 5. d4 f6 6. O-O Bb7 7. dxe5 fxe5 8.
Nxe5 Nxe5 9. Qh5+ g6 10. Qxe5+ Qe7 11. Qxc7 Bc6 12. Re1 Bg7 13. Nd5 Bxd5 14.
Bxd5 Qd8 15. Qd6 Rc8 16. Qxg6+ Ke7 17. Qxg7+ Kd6 18. Bf4+ Kc5 19. b4+ Kb5 20.
a4+ Ka6 21. b5+ Ka5 22. Qb2 Qg5 23. Bxg5 hxg5 24. c3 Rxc3 25. Qxc3# 1-0

[Event "2ème Open International de Haute-Bretagn"]
[Site "RENNES - FRANCE"]
[Date "2009.07.19"]
[Round "7.51"]
[White "Cheval, Thierry"]
[Black "Michelutti, Enzo"]
[Result "1-0"]
[WhiteElo "1330"]
[BlackElo "1200"]
[PlyCount "57"]
[EventDate "2009.??.??"]

1. e4 e5 2. Nf3 Nc6 3. d4 Bb4+ 4. c3 Bd6 5. d5 Na5 6. b4 Nf6 7. Bd3 Ng4 8. O-O
f5 9. exf5 Nf6 10. bxa5 e4 11. Re1 O-O 12. Bxe4 Bc5 13. Bc2 Re8 14. Rxe8+ Qxe8
15. h3 b6 16. axb6 axb6 17. Qd3 Ba6 18. c4 Rd8 19. g4 c6 20. d6 b5 21. Bb3 Qf7
22. cxb5 Nd5 23. bxa6 g6 24. Nc3 Qf8 25. Nxd5 cxd5 26. Qxd5+ Kg7 27. Bb2+ Kh6
28. Qd2+ g5 29. Qxg5# 1-0